Fundamentals of applied electromagnetics / (Record no. 265138)
[ view plain ]
| 000 -LEADER | |
|---|---|
| fixed length control field | 01298cam a22003734a 4500 |
| 001 - CONTROL NUMBER | |
| control field | 16481307 |
| 003 - CONTROL NUMBER IDENTIFIER | |
| control field | Ost |
| 005 - DATE AND TIME OF LATEST TRANSACTION | |
| control field | 20251112115450.0 |
| 008 - FIXED-LENGTH DATA ELEMENTS--GENERAL INFORMATION | |
| fixed length control field | 100928s2010 maua b 001 0 eng |
| 010 ## - LIBRARY OF CONGRESS CONTROL NUMBER | |
| LC control number | 2010485141 |
| 020 ## - INTERNATIONAL STANDARD BOOK NUMBER | |
| International Standard Book Number | 9780132139311 |
| International Standard Book Number | 0132139316 |
| 035 ## - SYSTEM CONTROL NUMBER | |
| System control number | 16481307 |
| 040 ## - CATALOGING SOURCE | |
| Original cataloging agency | DLC |
| Transcribing agency | DLC |
| Modifying agency | DLC |
| Language of cataloging | eng |
| Description conventions | rda |
| 050 00 - LIBRARY OF CONGRESS CALL NUMBER | |
| Classification number | QC760 |
| Item number | .U49 2010 |
| 100 1# - MAIN ENTRY--PERSONAL NAME | |
| Personal name | Ulaby, Fawwaz T. |
| Fuller form of name | (Fawwaz Tayssir), |
| Dates associated with a name | 1943- |
| 245 10 - TITLE STATEMENT | |
| Title | Fundamentals of applied electromagnetics / |
| Statement of responsibility, etc | Fawwaz T. Ulaby, Eric Michielssen, Umberto Ravaioli. |
| 246 30 - VARYING FORM OF TITLE | |
| Title proper/short title | Applied electromagnetics |
| 250 ## - EDITION STATEMENT | |
| Edition statement | 6th ed. |
| 260 ## - PUBLICATION, DISTRIBUTION, ETC. (IMPRINT) | |
| Place of publication, distribution, etc | Boston : |
| Name of publisher, distributor, etc | Prentice Hall, |
| Date of publication, distribution, etc | c2010. |
| 300 ## - PHYSICAL DESCRIPTION | |
| Extent | xii, 498 p. : |
| Other physical details | ill. (some col.) ; |
| Dimensions | 25 cm. + |
| Accompanying material | 1 CD-ROM (4 3/4 in.) |
| 336 ## - CONTENT TYPE | |
| Content type term | text |
| Content type code | txt |
| Source | rdacontent |
| 337 ## - MEDIA TYPE | |
| Media type term | unmediated |
| Media type code | n |
| Source | rdamedia |
| 338 ## - CARRIER TYPE | |
| Carrier type term | volume |
| Carrier type code | nc |
| Source | rdacarrier |
| 504 ## - BIBLIOGRAPHY, ETC. NOTE | |
| Bibliography, etc | Includes bibliographical references (p. [487]-488) and index. |
| 650 #0 - SUBJECT ADDED ENTRY--TOPICAL TERM | |
| Topical term or geographic name as entry element | Electromagnetism. |
| Topical term or geographic name as entry element | Electromagnetism |
| General subdivision | Industrial applications. |
| 700 1# - ADDED ENTRY--PERSONAL NAME | |
| Personal name | Michielssen, Eric. |
| Personal name | Ravaioli, Umberto. |
| 906 ## - LOCAL DATA ELEMENT F, LDF (RLIN) | |
| a | 7 |
| b | cbc |
| c | origcop |
| d | 2 |
| e | ocip |
| f | 20 |
| g | y-gencatlg |
| 942 ## - ADDED ENTRY ELEMENTS (KOHA) | |
| Source of classification or shelving scheme | Library of Congress Classification |
| Koha item type | Long Loan Books |
| Withdrawn status | Lost status | Source of classification or shelving scheme | Damaged status | Not for loan | Collection code | Home library | Current library | Shelving location | Date acquired | Source of acquisition | Total Checkouts | Full call number | Barcode | Date last seen | Price effective from | Koha item type |
|---|---|---|---|---|---|---|---|---|---|---|---|---|---|---|---|---|
| Library of Congress Classification | Non-fiction | Rongo University Library | Rongo University Library | General Stacks | 12/11/2025 | Books for Africa (Donation) | QC760 .U49 2010 | 20260472 | 12/11/2025 | 12/11/2025 | Long Loan Books | |||||
| Library of Congress Classification | Non-fiction | Rongo University Library | Rongo University Library | General Stacks | 12/11/2025 | Books for Africa (Donation) | QC760 .U49 2010 | 20260480 | 12/11/2025 | 12/11/2025 | Long Loan Books |
